Les 15 départements les plus peuplés de France - Statistiques

Statistiques générales
  • Ce quiz a été pris 108 fois
  • Le résultat moyen est 11 sur 15
Statistiques - réponses
Nombre d'habitants (INSEE 2021) Réponse % Correct
2 133 111 Paris
99%
2 056 943 Bouches-du-Rhône
87%
1 668 670 Seine-Saint-Denis
86%
2 611 293 Nord
84%
1 893 692 Rhône
82%
1 654 970 Gironde
80%
1 415 367 Val-de-Marne
76%
1 456 365 Yvelines
76%
1 461 441 Pas-de-Calais
73%
1 313 768 Essonne
72%
1 438 100 Seine-et-Marne
72%
1 635 291 Hauts-de-Seine
69%
1 457 806 Loire-Atlantique
65%
1 434 367 Haute-Garonne
59%
1 284 948 Isère
45%
Aucun quiz correspondant
Distribution des résultats
% des personnes avec chaque résultat
Percentile par nombre de réponses
Votre historique - résultats
Vous n’avez pas pris ce quiz